| 000 | 04984nam a2200361 a 4500 | ||
|---|---|---|---|
| 003 | CHAP | ||
| 005 | 20251216085052.0 | ||
| 007 | ta | ||
| 008 | 251215s2025 mx abo|fsm||| 001 0 spa d | ||
| 040 | _erda | ||
| 041 |
_aspa _beng |
||
| 100 | 1 |
_aAguilar López, Lucía del Carmen _9185597 |
|
| 240 |
_aProposal for a selection plan of green gold coffee (coffea Arabica l.) for the company ecafé. _lEspañol |
||
| 245 | 1 |
_aPropuesta de plan de selección de café oro verde (Coffea arabica L.) para la empresa ecafé / _cLucía del Carmen Aguilar López |
|
| 264 |
_aChapingo, México : _bEl autor, _c2025 |
||
| 300 |
_a1 recurso en línea ( 77 páginas) : _bilustraciones, tablas, mapas, fotografías |
||
| 336 |
_2rdacontent _atexto _btxt |
||
| 337 |
_2rdamedia _acomputadora _bc |
||
| 338 |
_2rdacarrier _arecurso en línea _bcr |
||
| 502 |
_aInforme de Estancia Preprofesional _bIA _cAgroindustrias _d2025 _gLIC |
||
| 504 | _aBibliografía: páginas 73-74 | ||
| 520 | 3 | _aEl presente documento está integrado por los resultados obtenidos durante la realización de la Estancia Preprofesional dentro de la empresa Ecafé, Exportadora de Café Chiapas S.A. de C.V. ubicada en La Trinitaria, Chiapas durante el periodo comprendido del 01 de julio de 2024 al 30 de septiembre de 2024. Ecafé es una empresa que cuenta con una planta ubicada en La Trinitaria, Chiapas y con dos fincas que se dedican a la producción de café ubicadas en Jacaltenango y Motozintla, Chiapas, respectivamente. Esta empresa se dedica a la producción, comercialización y exportación de café oro. La empresa cuenta con grandes perspectivas de expansión, por lo cual es de suma importancia tener planteado un proceso adecuado para la selección de granos de café oro y asegurar la calidad de café que se ofrece al consumidor. Este proyecto presenta un plan de selección de café oro (Coffea Arabica L.) para la empresa, este se enfoca principalmente en plantear un proceso de selección de café oro que se rija a las normas mexicanas para asegurar la calidad ofrecida y tener un proceso especifico dentro de la empresa para este fin. Para ello se hizo un diagnóstico de la empresa y del proceso que se tiene para la selección de los granos de café oro, para identificar las deficiencias y las alternativas de solución para dicho proceso. Para la elaboración de dicho documento se rescataron conceptos e información de distintas normas, tales como; NMX-F 107-SCFI-2008, NMX-F-162-SCFI-2008, NOM-169-SCFI- 2007, entre otras más. Además de eso también se realizó una lista de verificación con base en la NOM-251-SSA1-2009 para obtener un diagnóstico completo de la empresa. El cumplimiento de este plan de selección compromete a todo el personal que se dedica a este proceso dentro de la empresa. | |
| 520 | 3 | _aThis document presents the results obtained during the completion of the Pre-professional Internship at Ecafé, Exportadora de Café Chiapas S.A. de C.V., located in La Trinitaria, Chiapas, during the period from July 1, 2024, to September 30, 2024. Ecafé is a company with a processing plant in La Trinitaria, Chiapas, and two coffee-producing farms located in Jacaltenango and Motozintla, Chiapas, respectively. The company is dedicated to the production, commercialization, and export of green coffee. The company has strong expansion prospects, making it essential to establish an appropriate process for selecting green coffee beans to ensure the quality of the coffee offered to consumers. This project presents a selection plan of green coffee (Coffea Arabica L.) for the company. It focuses primarily on establishing a selection process that adheres to Mexican standards to guarantee quality and to implement a specific procedure within the company for this purpose. To achieve this, a diagnostic assessment of the company and its current green coffee bean selection process was conducted to identify deficiencies and propose alternative solutions. The development of this document incorporated concepts and information from various standards, including NMX-F-107-SCFI-2008, NMX-F-162-SCFI- 2008, NOM-169-SCFI-2007, among others. Additionally, a checklist based on NOM-251- SSA1-2009 was created to obtain a comprehensive diagnosis of the company. Compliance with this selection plan involves all personnel engaged in this process within the company. | |
| 650 | 1 | 3 |
_aSemillas de café _xControl de calidad _zMéxico _9157622 _2atg |
| 650 | 1 | 3 |
_aSemillas de café _xIndustria y comercio _zMéxico _9157625 _2atg |
| 650 | 1 | 3 |
_aCoffee beans _xQuality control _zMexico _9157620 _2atg |
| 650 | 1 | 3 |
_aCoffee beans _xIndustry and trade _zMexico _9157619 _2atg |
| 700 | 1 |
_aReyna Izaguirre, Diana América _9147338 _edirectora |
|
| 700 | 1 |
_aMaldonado Simán, Ema de Jesús _970136 _easesora |
|
| 700 | 1 |
_aMárquez Berber, Sergio Roberto _976297 _easesor |
|
| 856 |
_uhttp://10.13.5.2/tesis/t?/archivo.pdf _zDESCARGAR PDF |
||
| 942 |
_2Clasificación Universidad Autónoma Chapingo _cTD |
||
| 999 |
_c233133 _d233133 |
||